| 000 | 02396cam a22002054a 4500 | ||
|---|---|---|---|
| 005 | 20250605164148.0 | ||
| 008 | 250528s ||||||||||||||||||||||||d | ||
| 035 | _a19273 | ||
| 020 | _a9603515019 | ||
| 040 |
_aGR-AtMCL _bgre _dGR-AtMCL _eAACR2 |
||
| 245 | 1 | _aΔιοικητική Επιστήμη / Λήψη Επιχειρησιακών Αποφάσεων στην Κοινωνία της Πληροφορίας: Β' Έκδοση | |
| 250 | _a2η | ||
| 260 |
_bΣταμούλης Α, _c2006 |
||
| 300 | _a600 | ||
| 520 | _aΤο βιβλίο είναι εμπλουτισμένο με αποσπάσματα από μάνατζερς ελληνικών και διεθνών επιχειρήσεων που αναδεικνύουν τη σημασία των θεωρητικών συμπερασμάτων μέσα από την εφαρμογή τους στην πράξη, καθώς και με αποτελέσματα ελληνικών και διεθνών ερευνών μεταξύ στελεχών επιχειρήσεων πάνω στις νέες τεχνολογίες και το σύγχρονο μάνατζμεντ. Πρόλογος, Η Διοικητική Επιστήμη στην Κοινωνία της Πληροφορίας, Διοικητική Επιστήμη και Λήψη Αποφάσεων, Επισκόπηση των Μοντέλων Λήψης Αποφάσεων, Γραμμικός Προγραμματισμός, Παραδείγματα Προβλημάτων Γραμμικού Προγραμματισμού, Δθϊκότητα και Ανάλυση Ευαισθησίας, Χρήση Η/Υ για Προβλήματα Γραμμικού Προγραμματισμού, Προβλήματα Δικτύων, Προγραμματισμός Έργων, Ακέραιος Προγραμματισμός, Εφαρμογές Ακέραιου Προγραμματισμού, Δυναμικός Προγραμματισμός, Λήψη Αποφάσεων με Πολλαπλά Κριτήρια, Χρήση Η/Υ για Πολυκριτήρια Ανάλυση, Θεωρία Αποφάσεων, Προσομοίωση, Εφαρμογές της Προσομοίωσης με τη χρήση Η/Υ, Υλοποίηση της Απόφασης. | ||
| 700 | 1 |
_aΠραστάκος Γρηγόρης _95505 |
|
| 942 | _cBK | ||
| 999 |
_c4537 _d4537 |
||